[Event "50th Rilton Cup 2022-23"]
[Site "Stockholm SWE"]
[Date "2022.12.29"]
[Round "3.64"]
[White "Aditya, Varun Gampa"]
[Black "Arhan, Chethan Anand"]
[Result "1/2-1/2"]
[WhiteElo "2249"]
[BlackElo "2112"]
[WhiteFideId "45066183"]
[BlackFideId "45062510"]
[EventDate "2022.12.27"]

1. e4 e5 2. Nf3 Nc6 3. Nc3 Nf6 4. d4 exd4 5. Nxd4 Bb4 6. Nxc6 bxc6 7. Bd3 O-O 8.
O-O d5 9. exd5 cxd5 10. h3 Be6 11. Qf3 Rb8 12. Ne2 Be7 13. b3 c5 14. Bf4 Rb6 15.
Rad1 Qc8 16. c4 dxc4 17. Bxc4 Bxc4 18. bxc4 Qa6 19. Qd3 Rb4 20. Rc1 Rd8 21. Qc2
Ra4 22. Qb3 Ra3 23. Qb1 Ra4 24. Qb3 Ra3 25. Qb1 Ra4 26. Qb3 Ra3 27. Qb1 Ra4 28.
Qb3 Ra3 29. Qb1 Ra4 30. Qb3 Ra3 31. Qb1 1/2-1/2

[Event "50th Rilton Cup 2022-23"]
[Site "Stockholm SWE"]
[Date "2022.12.29"]
[Round "3.65"]
[White "Mierins, Emils Janis"]
[Black "Rasti, Arvin"]
[Result "0-1"]
[WhiteElo "2118"]
[BlackElo "2249"]
[WhiteFideId "11616830"]
[BlackFideId "1741160"]
[EventDate "2022.12.27"]

1. e4 e5 2. Nf3 Nc6 3. Bb5 g6 4. O-O Bg7 5. c3 a6 6. Ba4 d6 7. Re1 Ne7 8. d3 O-O
9. Nbd2 h6 10. Bb3 Kh7 11. Nf1 f5 12. Ne3 f4 13. Nd5 g5 14. h3 Ng6 15. Nh2 Be6
16. Qh5 Bf7 17. Qd1 Qd7 18. a4 Nh4 19. Ba2 Rae8 20. b4 Be6 21. b5 Nd8 22. f3 Qf7
23. d4 c6 24. bxc6 bxc6 25. Nb4 Bxa2 26. Nxa2 exd4 27. cxd4 Qa7 28. Bb2 Ne6 29.
Kh1 Bxd4 30. Bxd4 Qxd4 31. Qc2 Qc5 32. Qd3 Qf2 33. Rg1 Qd4 34. Qxa6 Ng7 35. Rae1
Nh5 36. Nf1 Rb8 37. Re2 Rb1 38. Rd2 Ng3+ 39. Kh2 Nxf1+ 40. Qxf1 Nxf3+ 0-1

[Event "50th Rilton Cup 2022-23"]
[Site "Stockholm SWE"]
[Date "2022.12.29"]
[Round "3.66"]
[White "Lever, Erwan"]
[Black "Gomez Aguirre, Juan Alberto"]
[Result "1-0"]
[WhiteElo "2241"]
[BlackElo "2108"]
[WhiteFideId "20640099"]
[BlackFideId "54587867"]
[EventDate "2022.12.27"]

1. d4 Nf6 2. c4 e6 3. g3 d5 4. Nf3 Bb4+ 5. Nbd2 dxc4 6. Bg2 O-O 7. Qc2 b5 8. a4
c6 9. axb5 cxb5 10. Ng5 h6 11. h4 Nc6 12. Bxc6 Rb8 13. Nf3 Qc7 14. Ne5 Rd8 15.
O-O Rxd4 16. Ndf3 Rd8 17. Bf4 Bd6 18. Rfd1 Nh5 19. Be4 f5 20. Bc6 Nxf4 21. gxf4
Rb6 22. Qc3 Rxc6 23. Nxc6 Qxc6 24. Rxa7 Bb7 25. Qd4 Rd7 26. h5 Rd8 27. Kg2 Kh7
28. Raa1 Qc7 29. Qe3 Qf7 30. Qb6 Bxf3+ 31. exf3 Bc7 32. Qb7 Rb8 33. Qa7 Qe7 34.
Ra6 Rd8 35. Re1 Rd6 36. Qc5 Qd7 37. Ra7 Bb6 38. Qxb6 Rxb6 39. Rxd7 b4 40. Rc7 c3
41. bxc3 b3 42. Rc8 b2 43. Rb1 e5 44. fxe5 1-0

[Event "50th Rilton Cup 2022-23"]
[Site "Stockholm SWE"]
[Date "2022.12.29"]
[Round "3.67"]
[White "Raghav, Srivathsav V"]
[Black "Katkov, Michelle"]
[Result "1-0"]
[BlackTitle "WFM"]
[WhiteElo "2059"]
[BlackElo "2220"]
[WhiteFideId "5073316"]
[BlackFideId "2816393"]
[EventDate "2022.12.27"]

1. e4 e5 2. Nf3 Nc6 3. Bc4 Bc5 4. b4 Bb6 5. a4 a5 6. b5 Nce7 7. Nc3 d6 8. d4
exd4 9. Nxd4 h6 10. O-O Nf6 11. h3 O-O 12. Be3 d5 13. e5 Nh7 14. Bb3 c5 15. bxc6
bxc6 16. Qf3 Qc7 17. Nxc6 d4 18. Nxe7+ Qxe7 19. Nd5 Qa7 20. Nxb6 Qxb6 21. Bxd4
Qxd4 22. Qxa8 Bxh3 23. Qf3 Bc8 24. Qd5 Qg4 25. f4 h5 26. Qf3 Qf5 27. Rad1 Re8
28. Bd5 Qxc2 29. Rf2 Qg6 30. f5 Qh6 31. Qb3 Ng5 32. Qc3 h4 33. Qc6 Rd8 34. Qxh6
gxh6 35. Bb3 Re8 36. Rd5 Bb7 37. Rxa5 h3 38. gxh3 Nxh3+ 39. Kf1 Nxf2 40. Kxf2
Rd8 41. Ke3 Kg7 42. Rb5 Ba6 43. Rb6 Bc8 44. Rb8 Kf8 45. a5 Ke7 46. f6+ Kd7 47.
Bxf7 Kc7 48. Rb4 Rd1 49. Rc4+ Kb8 50. Ke2 Ra1 51. Rc5 Bg4+ 52. Kf2 Ra4 53. Bb3
Rd4 54. f7 Rd8 55. e6 1-0

[Event "50th Rilton Cup 2022-23"]
[Site "Stockholm SWE"]
[Date "2022.12.29"]
[Round "3.68"]
[White "Persson, Sebastian 2007"]
[Black "Buchenau, Frank"]
[Result "1-0"]
[BlackTitle "FM"]
[WhiteElo "1727"]
[BlackElo "2218"]
[WhiteFideId "1764187"]
[BlackFideId "4604350"]
[EventDate "2022.12.27"]

1. c4 e5 2. g3 Nf6 3. Bg2 c6 4. d4 Bb4+ 5. Bd2 Bxd2+ 6. Qxd2 d6 7. Nc3 Qc7 8. e3
Nbd7 9. Nge2 Nb6 10. b3 e4 11. O-O Bf5 12. Na4 Nxa4 13. bxa4 O-O 14. Rab1 Rac8
15. a5 c5 16. d5 Ng4 17. Qc2 Ne5 18. h3 h5 19. Kh1 Nd3 20. Nf4 Nxf4 21. exf4 Qd7
22. Bxe4 Bxe4+ 23. Qxe4 Qxh3+ 24. Kg1 Rfe8 25. Qh1 Qg4 26. Rxb7 Re2 27. Qh4 Qf3
28. Qh3 Rce8 29. Qd7 Rf8 30. Qxd6 h4 31. Rb8 Rxb8 32. Qxb8+ Kh7 33. Qb3 Qe4 34.
Qb1 Rc2 35. Rc1 Rxc1+ 36. Qxc1 hxg3 37. fxg3 Qd3 38. Kf2 Qd4+ 39. Kg2 Qe4+ 40.
Kf2 Qd4+ 41. Ke2 Kg8 42. Qc2 Qg1 43. Qd2 Qxg3 44. d6 Qg2+ 45. Kd3 Qf3+ 46. Kc2
Qe4+ 47. Kb3 Qb7+ 48. Ka4 Qd7+ 49. Ka3 Qh3+ 50. Kb2 Qc8 51. d7 Qd8 52. Qd6 g6
53. Qc6 Kg7 54. Qc8 Qf6+ 55. Kb3 Qa1 56. d8=Q Qb1+ 57. Kc3 Qc1+ 58. Kd3 Qd1+ 59.
Ke4 Qh1+ 60. Ke5 1-0

[Event "50th Rilton Cup 2022-23"]
[Site "Stockholm SWE"]
[Date "2022.12.30"]
[Round "4.1"]
[White "Kucuksari, Kaan"]
[Black "Prraneeth, Vuppala"]
[Result "1/2-1/2"]
[WhiteTitle "IM"]
[BlackTitle "IM"]
[WhiteElo "2492"]
[BlackElo "2427"]
[WhiteFideId "6380166"]
[BlackFideId "46622373"]
[EventDate "2022.12.27"]

1. d4 Nf6 2. Nf3 d5 3. e3 e6 4. Bd3 b6 5. b3 Bb7 6. O-O Bd6 7. Bb2 O-O 8. Nbd2
Nbd7 9. c4 Ne4 10. Rc1 Qe7 11. b4 c5 12. cxd5 exd5 13. bxc5 bxc5 14. dxc5 Ndxc5
15. Be2 Bc6 16. Nb3 Rab8 17. g3 Rfc8 18. Nfd4 Bd7 19. Bg4 Na4 20. Rxc8+ Rxc8 21.
Bxd7 Qxd7 22. Qe2 h5 23. Ba1 h4 24. Qh5 hxg3 25. hxg3 Nac3 26. Bxc3 Nxc3 27. Kg2
g6 28. Qf3 Kg7 29. Rh1 Be5 30. g4 Rh8 31. Nc5 Qc8 32. Rxh8 Kxh8 33. Nd3 Bxd4 34.
exd4 Kg7 35. Ne5 f6 36. Nd3 Nb5 37. Kh3 Qh8+ 38. Kg2 Qc8 39. Kh3 Qh8+ 40. Kg2 1/2-1/2

[Event "50th Rilton Cup 2022-23"]
[Site "Stockholm SWE"]
[Date "2022.12.30"]
[Round "4.2"]
[White "Gorshtein, Ido"]
[Black "Sasikiran, Krishnan"]
[Result "1/2-1/2"]
[WhiteTitle "IM"]
[BlackTitle "GM"]
[WhiteElo "2469"]
[BlackElo "2635"]
[WhiteFideId "2815532"]
[BlackFideId "5004985"]
[EventDate "2022.12.27"]

1. c4 e5 2. g3 d6 3. Bg2 Be7 4. Nc3 f5 5. d4 Nf6 6. dxe5 dxe5 7. Qxd8+ Bxd8 8.
b3 c6 9. Bb2 O-O 10. Nf3 Re8 11. O-O Nbd7 12. Bh3 g6 13. Rad1 e4 14. Nd4 Nc5 15.
b4 Ncd7 16. c5 Ne5 17. b5 Bd7 18. Ba1 Be7 19. Nb3 Bf8 20. bxc6 bxc6 21. Rb1 Be6
22. Rfc1 Rad8 23. Bf1 Nc4 24. Nd1 Ng4 25. h3 Nge5 26. Nd4 Bd5 27. Nc3 Bf7 28.
Rd1 Bxc5 29. Na4 Bf8 30. Nb3 Nd7 31. Bd4 Ndb6 32. Nac5 e3 33. f4 Nd2 34. Rbc1
Nxf1 35. Kxf1 Nc4 36. Rd3 a5 37. Ke1 h5 38. h4 Kh7 39. Bc3 a4 40. Nxa4 Ra8 41.
Nbc5 Ra7 42. Rd7 Rea8 43. Rcd1 Nd2 44. Rxa7 Rxa7 45. Bd4 Nc4 46. Rb1 Na3 47. Rb2
Nb5 1/2-1/2

[Event "50th Rilton Cup 2022-23"]
[Site "Stockholm SWE"]
[Date "2022.12.30"]
[Round "4.3"]
[White "Pantzar, Milton"]
[Black "Livaic, Leon"]
[Result "0-1"]
[WhiteTitle "IM"]
[BlackTitle "GM"]
[WhiteElo "2465"]
[BlackElo "2572"]
[WhiteFideId "1721003"]
[BlackFideId "14531534"]
[EventDate "2022.12.27"]

1. d4 Nf6 2. c4 g6 3. Nc3 Bg7 4. e4 d6 5. Nf3 O-O 6. Be2 Na6 7. O-O e5 8. d5 Nc5
9. Qc2 a5 10. Re1 b6 11. Bf1 Nh5 12. Be3 f5 13. a3 a4 14. Nd2 Bd7 15. b4 axb3
16. Nxb3 Nxb3 17. Qxb3 Nf6 18. h3 f4 19. Bd2 g5 20. Nb5 h5 21. g3 Bh6 22. Rad1
Rf7 23. a4 Qc8 24. Kh2 g4 25. gxf4 exf4 26. c5 Rg7 27. e5 g3+ 28. fxg3 Rxg3 29.
Qc4 Ng4+ 30. Kh1 Nf2+ 31. Kh2 Bxb5 32. axb5 Rxh3+ 33. Bxh3 Qxh3+ 34. Kg1 Nxd1
35. Qf1 Qxf1+ 36. Kxf1 Ne3+ 37. Bxe3 fxe3 38. exd6 cxd6 39. c6 Kf7 40. Ke2 Kf6
41. Rh1 Kg6 42. Rc1 Bg5 43. c7 Rc8 44. Rc6 Kf5 0-1

[Event "50th Rilton Cup 2022-23"]
[Site "Stockholm SWE"]
[Date "2022.12.30"]
[Round "4.4"]
[White "Raja, Rithvik R"]
[Black "Jacobson, Brandon"]
[Result "1-0"]
[WhiteTitle "GM"]
[BlackTitle "GM"]
[WhiteElo "2453"]
[BlackElo "2551"]
[WhiteFideId "35007394"]
[BlackFideId "30901561"]
[EventDate "2022.12.27"]

1. d4 g6 2. e4 Bg7 3. Nf3 d6 4. Be2 Nf6 5. Nc3 O-O 6. O-O a6 7. a4 Nc6 8. a5 e6
9. Be3 h6 10. h3 Kh7 11. Qd2 Nd7 12. Bc4 e5 13. Rfd1 f5 14. exf5 gxf5 15. dxe5
dxe5 16. Be6 e4 17. Bxd7 exf3 18. Bxc6 Qxd2 19. Rxd2 bxc6 20. Bd4 Rg8 21. g3 f4
22. Bxg7 Rxg7 23. Kh2 Rb8 24. b3 Bf5 25. g4 Bg6 26. Ra4 Rf8 27. Rc4 Rf6 28. b4
Re7 29. Rdd4 Ref7 30. Nd1 Kg7 31. Nb2 c5 32. Rxc5 Re6 33. Nd3 Re2 34. Rxf4 Rxf4
35. Nxf4 Be4 36. Rxc7+ Kf6 37. Kg3 Re1 38. Nd3 1-0

[Event "50th Rilton Cup 2022-23"]
[Site "Stockholm SWE"]
[Date "2022.12.30"]
[Round "4.5"]
[White "Urkedal, Frode Olav Olsen"]
[Black "Sardana, Rishi"]
[Result "1-0"]
[WhiteTitle "GM"]
[BlackTitle "IM"]
[WhiteElo "2536"]
[BlackElo "2460"]
[WhiteFideId "1506102"]
[BlackFideId "25004301"]
[EventDate "2022.12.27"]

1. d4 d5 2. c4 e6 3. Nc3 Nf6 4. cxd5 exd5 5. Bg5 Bb4 6. e3 h6 7. Bxf6 Qxf6 8.
Qb3 Qd6 9. Bd3 O-O 10. Nf3 c6 11. O-O Nd7 12. a3 Ba5 13. Qc2 Nf6 14. h3 Re8 15.
b4 Bc7 16. Rfc1 Qe7 17. b5 Bd6 18. bxc6 bxc6 19. Na4 Bxa3 20. Rcb1 Bd6 21. Qxc6
Bd7 22. Qa6 Ne4 23. Bxe4 dxe4 24. Nd2 Bb4 25. Nxe4 Bf5 26. Qb5 Bxe4 27. Rxb4 Bc6
28. Qc4 Bd5 29. Qc3 Qg5 30. g3 Rac8 31. Qd3 Qf6 32. Qd1 Rc2 33. Qxc2 Qf3 34. Kf1
Qh1+ 35. Ke2 Bf3+ 36. Kd2 Qxa1 37. Qb1 Qa3 38. Qb2 Qxb2+ 39. Rxb2 g5 40. Nc5 Re7
41. Kd3 f5 42. Kc4 1-0

[Event "50th Rilton Cup 2022-23"]
[Site "Stockholm SWE"]
[Date "2022.12.30"]
[Round "4.7"]
[White "Thybo, Jesper Sondergaard"]
[Black "Milikow, Yoav"]
[Result "1/2-1/2"]
[WhiteTitle "GM"]
[BlackTitle "IM"]
[WhiteElo "2515"]
[BlackElo "2416"]
[WhiteFideId "1438832"]
[BlackFideId "2822237"]
[EventDate "2022.12.27"]

1. d4 Nf6 2. c4 e6 3. Nf3 d5 4. g3 Bb4+ 5. Bd2 Be7 6. Bg2 O-O 7. O-O c6 8. Bc3
Ne4 9. Nbd2 Nxc3 10. bxc3 b6 11. e4 Bb7 12. Ne5 dxc4 13. Ndxc4 Na6 14. Qb3 b5
15. a4 b4 16. f4 Rb8 17. Rad1 bxc3 18. Qxc3 Nb4 19. h4 f5 20. Rfe1 Kh8 21. h5
Ba8 22. Re2 Qe8 23. exf5 Nd5 24. Qf3 exf5 25. Rde1 Rf6 26. Ne3 Nc3 27. Rc2 Bb4
28. Rec1 c5 29. d5 Nxa4 30. Bh3 Nb6 31. Re2 Qg8 32. Bxf5 Nxd5 33. Ng6+ Rxg6 34.
hxg6 Nc3 35. Qf2 Nxe2+ 36. Qxe2 Re8 37. Rd1 c4 38. Qxc4 Qf8 39. Qf7 Bc5 40. Rd3
Rxe3 41. Qxf8+ Bxf8 42. Rd8 hxg6 43. Rxa8 gxf5 44. Rxf8+ Kh7 45. Kf2 1/2-1/2

[Event "50th Rilton Cup 2022-23"]
[Site "Stockholm SWE"]
[Date "2022.12.30"]
[Round "4.8"]
[White "Sorensen, Hampus"]
[Black "Kulaots, Kaido"]
[Result "1-0"]
[WhiteTitle "IM"]
[BlackTitle "GM"]
[WhiteElo "2442"]
[BlackElo "2513"]
[WhiteFideId "8703884"]
[BlackFideId "4500261"]
[EventDate "2022.12.27"]

1. d4 Nf6 2. c4 e6 3. Nf3 d5 4. g3 Bb4+ 5. Bd2 Be7 6. Bg2 O-O 7. O-O c6 8. Qc2
Nbd7 9. Rd1 b6 10. Bf4 Ba6 11. Ne5 Rc8 12. cxd5 Nxd5 13. Nc3 Nxe5 14. Bxe5 f6
15. Bf4 Nxf4 16. gxf4 Bd6 17. e3 f5 18. Qa4 Bb7 19. Ne2 b5 20. Qb3 Rf6 21. Ng3
Kh8 22. Rac1 Rg6 23. Rd2 h5 24. Nxh5 Rxg2+ 25. Kxg2 c5+ 26. f3 Qe8 27. Ng3 c4
28. Qd1 g6 29. Qe2 Kg7 30. a4 a6 31. axb5 axb5 32. Ra1 Qc6 33. Rdd1 Rh8 34. Rf1
Rc8 35. h4 Rh8 36. Rh1 Be7 37. h5 g5 38. fxg5 Bxg5 39. e4 Kh7 40. Rad1 Rg8 41.
d5 exd5 42. exd5 Qf6 43. Rh3 Bf4 44. Re1 Bd6 45. Qe6 Qf8 46. Qd7+ Rg7 47. Qe8
Qxe8 48. Rxe8 f4 49. h6 Rg6 50. Rd8 Bxd5 51. Rd7+ Kh8 52. h7 1-0

[Event "50th Rilton Cup 2022-23"]
[Site "Stockholm SWE"]
[Date "2022.12.30"]
[Round "4.9"]
[White "Horvath, Dominik"]
[Black "Eggleston, David J"]
[Result "1-0"]
[WhiteTitle "IM"]
[BlackTitle "IM"]
[WhiteElo "2502"]
[BlackElo "2359"]
[WhiteFideId "1642561"]
[BlackFideId "412120"]
[EventDate "2022.12.27"]

1. d4 Nf6 2. c4 e6 3. Nc3 Bb4 4. Qc2 O-O 5. e4 d6 6. e5 dxe5 7. dxe5 Ng4 8. Nf3
Nc6 9. Bf4 Nd4 10. Qd2 Nxf3+ 11. gxf3 Qxd2+ 12. Kxd2 Nh6 13. Bxh6 gxh6 14. a3
Bxc3+ 15. Kxc3 f6 16. Rg1+ Kh8 17. Bd3 fxe5 18. Rg3 Bd7 19. Re1 Bc6 20. Rxe5 Rf6
21. f4 Raf8 22. b4 Be8 23. f5 exf5 24. Re7 R6f7 25. Rge3 Bd7 26. c5 c6 27. Bc4
Rxe7 28. Rxe7 Rd8 29. a4 a6 30. a5 Bc8 31. Rc7 h5 32. h4 Re8 33. Bf7 Rd8 34. f4
h6 35. Kc4 Rf8 36. Kd4 Rd8+ 37. Ke5 Rf8 38. Kf6 Kh7 39. Re7 Rd8 40. Ba2+ Kh8 41.
Kg6 1-0

[Event "50th Rilton Cup 2022-23"]
[Site "Stockholm SWE"]
[Date "2022.12.30"]
[Round "4.11"]
[White "Kilgus, Georg"]
[Black "Parkhov, Yair"]
[Result "0-1"]
[WhiteTitle "IM"]
[BlackTitle "IM"]
[WhiteElo "2389"]
[BlackElo "2470"]
[WhiteFideId "1606212"]
[BlackFideId "2813408"]
[EventDate "2022.12.27"]

1. Nf3 d5 2. g3 Nc6 3. d4 Bf5 4. c4 e6 5. cxd5 exd5 6. Nh4 Be4 7. f3 Bxb1 8.
Rxb1 Bb4+ 9. Kf2 Qf6 10. e3 Nh6 11. Ng2 Bd6 12. Bd2 O-O 13. Bd3 Rfe8 14. Rf1
Ng4+ 15. Kg1 Nxh2 0-1

[Event "50th Rilton Cup 2022-23"]
[Site "Stockholm SWE"]
[Date "2022.12.30"]
[Round "4.12"]
[White "Wadsworth, Matthew J"]
[Black "Adithya A Chullikkad"]
[Result "1-0"]
[WhiteTitle "IM"]
[BlackTitle "CM"]
[WhiteElo "2470"]
[BlackElo "2206"]
[WhiteFideId "415804"]
[BlackFideId "45078734"]
[EventDate "2022.12.27"]

1. Nf3 Nf6 2. c4 g6 3. g3 Bg7 4. Bg2 O-O 5. O-O c6 6. b3 d5 7. Bb2 Nbd7 8. Nc3
Ne4 9. Qc2 Nxc3 10. Bxc3 Nf6 11. Qb2 Bf5 12. h3 Qc8 13. Kh2 Be6 14. d3 Qd8 15.
Rac1 Qb6 16. Qa3 Qc7 17. Ng5 Qd7 18. Nxe6 Qxe6 19. Qb2 Rac8 20. Bd4 Nh5 21. e3
b6 22. Bxg7 Nxg7 23. cxd5 cxd5 24. Qd4 Rfd8 25. Bxd5 Qd6 26. Qe4 Rxc1 27. Rxc1
Ne8 28. Bc4 Qf6 29. Qf4 Qxf4 30. gxf4 e6 31. Ba6 Kf8 32. d4 Ke7 33. Bb5 Kd6 34.
Kg2 Ra8 35. e4 Rd8 36. Kf3 Ke7 37. Ke3 Nd6 38. Rc7+ Kf8 39. Ba6 b5 40. Rxa7 Rb8
41. Kd3 Rb6 42. e5 Nf5 43. Bb7 h5 44. Kc3 Ne7 45. Kb4 Nd5+ 46. Kc5 Rxb7 47. Rxb7
Nxf4 48. a4 bxa4 49. bxa4 g5 50. a5 g4 51. hxg4 hxg4 52. a6 g3 53. fxg3 Nd5 54.
a7 Kg7 55. a8=Q Nc3 56. Qe8 Ne4+ 57. Kc6 Ng5 58. Qe7 Kg6 59. Qf6+ Kh5 60. Rb1
Kg4 61. Qf4+ Kh3 62. Qxg5 f5 63. Rb2 f4 64. Qh4# 1-0

[Event "50th Rilton Cup 2022-23"]
[Site "Stockholm SWE"]
[Date "2022.12.30"]
[Round "4.13"]
[White "Smirin, Ilia"]
[Black "Akesson, Ralf"]
[Result "1-0"]
[WhiteTitle "GM"]
[BlackTitle "GM"]
[WhiteElo "2596"]
[BlackElo "2404"]
[WhiteFideId "2801990"]
[BlackFideId "1700120"]
[EventDate "2022.12.27"]

1. e4 c5 2. Nf3 d6 3. d4 cxd4 4. Nxd4 Nf6 5. Nc3 a6 6. Be3 Ng4 7. Bg5 h6 8. Bc1
Nf6 9. Bd3 e5 10. Nde2 Nbd7 11. Ng3 g6 12. O-O Bg7 13. Be3 O-O 14. Be2 Nb6 15.
Qd2 Kh7 16. Rfd1 Ne8 17. Bc5 Be6 18. Bxd6 Nxd6 19. Qxd6 Rc8 20. Qb4 Qc7 21. Nd5
Bxd5 22. exd5 f5 23. c4 e4 24. Rac1 Rfd8 25. d6 Qc6 26. c5 Nd7 27. Bc4 Nxc5 28.
Be6 b6 29. Bxc8 Rxc8 30. h4 h5 31. Ne2 Rd8 32. d7 a5 33. Qb3 Qf6 34. Rxc5 bxc5
35. Nf4 e3 36. Qxe3 Qxh4 37. Ne6 Bd4 38. Qf3 1-0

[Event "50th Rilton Cup 2022-23"]
[Site "Stockholm SWE"]
[Date "2022.12.30"]
[Round "4.14"]
[White "Hillarp Persson, Tiger"]
[Black "Thorn, Eric"]
[Result "1/2-1/2"]
[WhiteTitle "GM"]
[BlackTitle "FM"]
[WhiteElo "2523"]
[BlackElo "2397"]
[WhiteFideId "1700812"]
[BlackFideId "1710729"]
[EventDate "2022.12.27"]

1. d4 Nf6 2. c4 e6 3. Nc3 Bb4 4. Qc2 O-O 5. Nf3 d6 6. a3 Bxc3+ 7. Qxc3 Nc6 8. e3
e5 9. dxe5 dxe5 10. b4 Ne4 11. Qc2 Bf5 12. Bd3 Nxf2 13. Bxf5 Nxh1 14. Bb2 Qd6
15. Ke2 e4 16. Bxe4 Rfe8 17. Rxh1 Qe6 18. Bxh7+ Kh8 19. Qc3 Qg4 20. Qxg7+ Qxg7
21. Bxg7+ Kxg7 22. Bd3 Rad8 23. Rc1 Ne5 24. Nxe5 Rxe5 25. Rc3 c5 26. Kf3 f5 27.
Kf4 Kf6 28. h3 Rde8 29. Bc2 cxb4 30. axb4 Rc8 31. g4 fxg4 32. hxg4 a5 33. Bf5
axb4 34. g5+ Kg7 35. Rd3 Rce8 36. Rb3 b5 37. Rxb4 bxc4 38. Rxc4 Rxe3 39. Be4 Re1
40. Rc7+ Kf8 41. Rc4 1/2-1/2

[Event "50th Rilton Cup 2022-23"]
[Site "Stockholm SWE"]
[Date "2022.12.30"]
[Round "4.15"]
[White "Koykka, Pekka"]
[Black "Abdrlauf, Elham"]
[Result "0-1"]
[WhiteTitle "IM"]
[BlackTitle "IM"]
[WhiteElo "2351"]
[BlackElo "2518"]
[WhiteFideId "504319"]
[BlackFideId "1533533"]
[EventDate "2022.12.27"]

1. e4 c6 2. d4 d5 3. e5 c5 4. dxc5 e6 5. Nf3 Bxc5 6. Bd3 Nc6 7. O-O Nge7 8. a3
Ng6 9. b4 Bb6 10. Bb2 Nf4 11. Nbd2 O-O 12. Nb3 a5 13. Bb5 a4 14. Nc1 Bd7 15. Qd2
Ng6 16. Bd3 Rc8 17. Re1 Qe7 18. Ne2 f5 19. exf6 gxf6 20. Bxg6 hxg6 21. Nf4 Qf7
22. Qd3 Ne7 23. Qe2 Rc4 24. Nxe6 Re4 25. Nxf8 Rxe2 26. Nxd7 Bxf2+ 27. Kf1 Rxe1+
28. Nxe1 Bh4 29. Nf3 Qe6 30. Nc5 Qf5 31. Nd3 Nc6 32. Kg1 Qe4 33. Nxh4 Qxh4 34.
Rf1 d4 35. Nc5 Ne5 36. Nxb7 Ng4 37. h3 Ne3 0-1

[Event "50th Rilton Cup 2022-23"]
[Site "Stockholm SWE"]
[Date "2022.12.30"]
[Round "4.16"]
[White "Van Dael, Siem"]
[Black "Keinanen, Toivo"]
[Result "1/2-1/2"]
[WhiteTitle "FM"]
[BlackTitle "IM"]
[WhiteElo "2345"]
[BlackElo "2508"]
[WhiteFideId "1049771"]
[BlackFideId "509825"]
[EventDate "2022.12.27"]

1. e4 e6 2. d4 d5 3. Nc3 Nf6 4. Bg5 dxe4 5. Nxe4 Nbd7 6. Nf3 Be7 7. Nxf6+ Bxf6
8. h4 c5 9. Qe2 Qa5+ 10. c3 cxd4 11. Bxf6 Nxf6 12. Qb5+ Qxb5 13. Bxb5+ Ke7 14.
Nxd4 e5 15. Nc2 Rd8 16. Ne3 Be6 17. Bc4 Ne4 18. Bxe6 Kxe6 19. O-O Rd3 20. Rfe1
f5 21. Re2 Rd2 22. Rae1 Rxe2 23. Rxe2 Rd8 24. Nc4 Rd5 25. g3 b5 26. Ne3 Rd3 27.
Nc2 Nd6 28. Kg2 e4 29. Nd4+ Kd5 30. Nc2 Ke6 31. Nd4+ Kd5 32. Nc2 Ke6 1/2-1/2

[Event "50th Rilton Cup 2022-23"]
[Site "Stockholm SWE"]
[Date "2022.12.30"]
[Round "4.17"]
[White "Sidhant, Mohapatra"]
[Black "Garriga Cazorla, Pere"]
[Result "1/2-1/2"]
[WhiteTitle "IM"]
[BlackTitle "IM"]
[WhiteElo "2337"]
[BlackElo "2490"]
[WhiteFideId "5028698"]
[BlackFideId "32011601"]
[EventDate "2022.12.27"]

1. d4 Nf6 2. Nf3 g6 3. g3 c5 4. c3 Bg7 5. Bg2 O-O 6. O-O d5 7. Ne5 Qb6 8. a4 a5
9. dxc5 Qxc5 10. Na3 Bf5 11. Nb5 Qc8 12. Bf4 Bh3 13. c4 Bxg2 14. Kxg2 dxc4 15.
Rc1 Nh5 16. Rxc4 Nxf4+ 17. gxf4 Nc6 18. Qc2 Bxe5 19. fxe5 Rb8 20. Na7 Qe6 21.
Nxc6 bxc6 22. Rxc6 Qxe5 23. Rc5 Qd4 24. Qc4 Qxb2 25. Rxa5 Rb4 26. Rb5 Rxc4 27.
Rxb2 Rxa4 28. Rfb1 Kg7 29. Rb8 Rxb8 30. Rxb8 g5 31. h3 e6 32. e3 h5 33. Rb5 Kg6
34. Rb8 f5 35. Rg8+ Kf6 36. Rh8 h4 37. Rg8 g4 38. Rh8 gxh3+ 39. Kxh3 Ra2 40. Kg2
Ra4 41. Kh3 Ke5 42. Rxh4 Rxh4+ 43. Kxh4 Ke4 44. Kg5 Kf3 45. Kf6 Kxf2 46. Kxe6
Kxe3 47. Kxf5 1/2-1/2

[Event "50th Rilton Cup 2022-23"]
[Site "Stockholm SWE"]
[Date "2022.12.30"]
[Round "4.18"]
[White "Kupervaser, Erez"]
[Black "Westerberg, Jonathan"]
[Result "0-1"]
[WhiteTitle "FM"]
[BlackTitle "GM"]
[WhiteElo "2331"]
[BlackElo "2476"]
[WhiteFideId "2814587"]
[BlackFideId "1701754"]
[EventDate "2022.12.27"]

1. e4 Nf6 2. e5 Nd5 3. c4 Nb6 4. d4 d6 5. f4 dxe5 6. fxe5 Nc6 7. Be3 Bf5 8. Nc3
e6 9. Be2 Be7 10. Nf3 O-O 11. O-O f6 12. exf6 Bxf6 13. Qd2 Qe8 14. Rad1 Rd8 15.
Qe1 Bg4 16. Ne4 Bxf3 17. Nxf6+ Rxf6 18. Bxf3 Qg6 19. Qh4 Rdf8 20. Be4 Rxf1+ 21.
Rxf1 Rxf1+ 22. Kxf1 Qf7+ 23. Ke2 h6 24. b3 Qd7 25. Qg4 Kf8 26. Qf4+ Kg8 27. Qg4
Kf8 28. Bf3 Nd8 29. a4 Qf7 30. Qf4 Nc8 31. c5 Qxf4 32. Bxf4 c6 33. b4 a6 34. Kd3
Nf7 35. Kc4 Ne7 36. Bd6 b5+ 37. Kc3 Nxd6 38. cxd6 Nd5+ 39. Bxd5 cxd5 40. axb5
axb5 41. h4 Ke8 42. Kd3 Kd7 43. Ke3 Kxd6 44. Kf4 g6 45. g4 e5+ 46. Ke3 Ke6 47.
g5 hxg5 48. hxg5 Kf5 49. dxe5 Kxe5 50. Kd3 d4 51. Kd2 Ke4 52. Ke2 d3+ 53. Kd1
Kd4 54. Kd2 Kc4 55. Ke3 Kc3 0-1

[Event "50th Rilton Cup 2022-23"]
[Site "Stockholm SWE"]
[Date "2022.12.30"]
[Round "4.19"]
[White "Pranesh, M"]
[Black "Sawatzki, Frank"]
[Result "1-0"]
[WhiteTitle "IM"]
[BlackTitle "FM"]
[WhiteElo "2475"]
[BlackElo "2369"]
[WhiteFideId "35028600"]
[BlackFideId "4613600"]
[EventDate "2022.12.27"]

1. e4 c5 2. Nf3 Nc6 3. d4 cxd4 4. Nxd4 e5 5. Nb5 d6 6. N1c3 a6 7. Na3 Be6 8. Nc4
Rb8 9. Ne3 Nf6 10. Bd3 Be7 11. Ned5 O-O 12. O-O Nd7 13. Nxe7+ Nxe7 14. Be2 Nf6
15. Bg5 Ng6 16. a4 h6 17. Be3 Ne7 18. a5 d5 19. exd5 Nexd5 20. Nxd5 Nxd5 21. Bc5
Re8 22. Bf3 Qc7 23. b4 Rbd8 24. Qe1 Bf5 25. c4 e4 26. Be2 Nf4 27. Bb6 Qc6 28.
Bxd8 Qg6 29. g3 Rxd8 30. Rd1 Re8 31. c5 Nxe2+ 32. Qxe2 Bh3 33. Rd6 Bxf1 34. Kxf1
Re6 35. Rd8+ Kh7 36. Qe3 Re5 37. Rd6 Qf5 38. Kg2 f6 39. h3 Qc8 40. Qd2 Qe8 41.
Rd8 Qa4 42. Rd4 Qb3 43. Qe3 Qb1 44. h4 h5 45. Kh2 Kg6 46. Kg2 Kh7 47. Qd2 Rf5
48. Qe2 Re5 49. Qd1 Qa2 50. Kg1 Rf5 51. Qe1 Qc2 52. Kg2 Re5 53. Qe3 Qb1 54. Qe2
Kg6 55. g4 Kh7 56. gxh5 e3 57. fxe3 Re4 58. Qd2 Kh6 59. Rd8 Rg4+ 60. Kh3 Qf1+
61. Kxg4 f5+ 62. Kg3 Qg1+ 63. Qg2 Qxe3+ 64. Kh2 Qe5+ 65. Kh3 1-0